Grades de la Marine nationale française - Statistiques

Statistiques générales
  • Ce quiz a été pris 222 fois
  • Le résultat moyen est 11 sur 23
Statistiques - réponses
Grades principaux Réponses % Correct
Officiers généraux Amiral
82%
Matelot
78%
Capitaine de frégate
66%
Officiers mariniers subalternes Maître
65%
Capitaine de corvette
64%
Officiers supérieurs Capitaine de vaisseau
64%
Vice-amiral
64%
Contre-amiral
62%
Officiers subalternes Lieutenant de vaisseau
62%
Aspirant
60%
Officiers mariniers supérieurs Major
60%
Premier maître
60%
Second maître
58%
Maître principal
53%
Vice-amiral d'escadre
47%
Militaires du rang Quartier-maître de première classe
40%
Quartier-maître de seconde classe
38%
Maistrancier
34%
Élève maistrancier
25%
Élève-officier
21%
Enseigne de vaisseau seconde classe
17%
Enseigne de vaisseau première classe
16%
Matelot de première classe
8%
Aucun quiz correspondant
Distribution des résultats
% des personnes avec chaque résultat
Percentile par nombre de réponses
Votre historique - résultats
Vous n’avez pas pris ce quiz